Vodorovné napětí v pružném polosporu v ose povrchového rovnoměrného normálového zatížení po kruhu

Bibliographic Details
Main Authors: Pruška, Lumír, 1925-1991 (Author), Fessl, Zdeněk (Author)
Format: Article
Language:Slovak
Czech
PhysicalDescription:Obr. 7. Tb. 2. Res. rus., angl., lit. 12 zázn. v češ., ruš., angl.
Subjects:

MARC

LEADER 00000nab a2200000 a 4500
001 vtls000186130
003 SK-MaSNL
005 20260304060136.0
008 250422c1984 xo 0 slo
015 |a SNBRB19rr/mm-uuuuu 
035 |a CL0196243 
035 |a (urnnbn)urn:nbn:sk:snk:ar-006jnl 
035 |a (uuid)23ed0dec-df9e-4cb2-af2e-3e0555b02d9a 
035 |a urn:nbn:sk:snk-ab86b2 
040 |a SNKBUCL  |b slo  |c SNKBUCL  |e AACR2 
041 0 |a cze 
044 |a xo  |c SK 
080 |a 624.131.5  |2 1981 
080 |a 539.3  |2 1981 
100 1 |a Pruška, Lumír,  |d 1925-1991  |4 aut  |9 186071 
245 1 0 |a Vodorovné napětí v pružném polosporu v ose povrchového rovnoměrného normálového zatížení po kruhu  |c Lumír Pruška, Zdeněk Fessl 
300 |b Obr. 7. Tb. 2. Res. rus., angl., lit. 12 zázn. v češ., ruš., angl. 
650 0 7 |a stavby  |2 snkbucl  |9 2983 
650 0 7 |a sadanie stavieb  |2 snkbucl  |9 931521 
655 7 |a články z novín a časopisov  |2 snkbucl  |9 267496 
700 1 |a Fessl, Zdeněk  |4 aut  |9 1342951 
773 0 |t Stavebnícky časopis  |g Roč. 32, č. 2 (1984), s. 133-146 
850 |a Slovenská národná knižnica 
852 |a Slovenská národná knižnica 
958 |a article9 
958 |a OND 
958 |a NB 
958 |a RK 
958 |a CZ 
958 |a EUIPO 
992 |a RBX 
999 |c 2727513  |d 2729443